Les Incorreccions més habituals del català parlat / Josep Baiget i Masip
Publicado:
Barcelona :
Instituto Oficial de Radio y Televisión, Centro Autónomo de Barcelona, DL 1982
Descripción Física:
109 p. ; 24 cm
Materias:
Català -- Gramàtica
MARC
| LEADER | 00000nam a2200000Ia 4500 | ||
|---|---|---|---|
| 001 | 11322 | ||
| 008 | 160829s9999 xx 000 0 cat d | ||
| 080 | |a L-1-51 | ||
| 100 | |a Baiget i Masip, Josep |9 20394 | ||
| 245 | |a Les Incorreccions més habituals del català parlat / Josep Baiget i Masip | ||
| 260 | |a Barcelona : |b Instituto Oficial de Radio y Televisión, Centro Autónomo de Barcelona, DL 1982 | ||
| 300 | |a 109 p. ; |c 24 cm | ||
| 650 | |a Català |x Gramàtica |9 31963 | ||
| 710 | 2 | |a Instituto Oficial de Radio y Televisión (Espanya). |b Centro Autónomo de Barcelona |9 55015 | |
| 901 | |a Arxiu | ||
| 942 | |n 1 | ||
| 952 | |0 0 |1 0 |4 0 |6 L151 |7 1 |9 41518 |a Arxiu |b Arxiu |d 2016-12-01 |l 0 |o L-1-51 |p 11322 |r 2016-12-01 00:00:00 |w 2016-12-01 |y ARXIU | ||
| 999 | |c 43408 |d 43408 | ||